000 00468nam a2200193Ia 4500
005 20240902113036.0
008 131103s9999 xx 000 0 und d
020 _cRs.1.50
040 _aLoreto College
041 _aEnglish
082 _a891.433
_bVAN
100 _aVanprathi, Pramanath
245 _aSardar bhagay Singh
_cPramanath Vanprathi
260 _aDelhi
_bSiksha bharati
_c[19?]
300 _a47p
650 _aHindi
850 _aLCBED
942 _cBK
999 _c35326
_d85805